00956nam a2200193 a 450000100100000000500170001000800410002704000250006808200170009310000500011024500750016026000540023530000270028950000630031695201300037995201150050995201210062499900170074500004288120201002040453.0140212s2013 dr a 000 0 spa d aDO-SdBNPbspacBNPHU axxxxxbxxxxx1 aGalán Santana, Junior Rafael,d1980-97030913aEl libro supremo de la numerología /cJunior Rafael Galán Santana. aSantiago, República Dominicana :bs. n.,c2013. a26 p. :bil. ;c21 cm. aIncluye datos biográficos del autor en la contracubierta 001054708DSaGRbGRcHDd2014-02-12iLF1l0oxxxxx xxxxxp42881-30r2020-06-25te. 3w2020-06-25yLFDSZPréstamo en sala 0010718PDaPDbPDcHDd2014-02-12iLF1l0oxxxxx xxxxxp42881-10r2020-06-25w2020-06-25yLFPDZNo se presta 0010718PDaPDbPDcHDd2014-02-12iLF1l0oxxxxx xxxxxp42881-20r2020-06-25te. 2w2020-06-25yLFPDZNo se presta c42370d42370